00817naa a22002297a 4500001001000000003000900010005001700019007000300036008003400039040005400073041000900127072002500136100001800161245011900179500010300298650001900401650001300420650001200433650001800445650002400463490010000487BR7404920BR-BrBNA20250709164622.0ta250630b bl.|||m| |||| 00| 0 por d aBR-BrBNAbporcBiblioteca Nacional de Agricultura a(Pt) aF25; S10b0230b93901 aCesar, M.A.A.1 aEfeito da adubacao sobre o teor de fosforo no caldo da cana de acucar [Saccharum officinarum; Analise de alimento] aRelatorio do bienio 1972/1973 Piracicaba, SP (Brasil): [nd]. p. 40 [Summary only] (BR7404920-AMS)  aCANA DE ACUCAR aADUBACAO aFOSFORO aCALDO DE CANA aANALISE DE ALIMENTO aRelatorio - Escola Superior de Agricultura Luiz de Queiroz. Depto. de Tecnologia Rural (Brazil)